| 000 | 00517cam a2200205 4500 | ||
|---|---|---|---|
| 008 | 090401t1995 xxu||||| |||| 00| 0 eng d | ||
| 020 | _a0333629914 | ||
| 035 | _a(Sirsi) u31135 | ||
| 041 | _aeng | ||
| 050 | _a333.33025 | ||
| 110 |
_aRoyal Institution of Chartered Surveyors _94900 |
||
| 245 | _aList of members 1996. | ||
| 260 |
_aLondon _bMacMillan _c1995 |
||
| 300 | _a68,987p. ; 25cm. | ||
| 350 | _a0 | ||
| 650 | _aABOUT RICS-RICS MEMBERS | ||
| 650 | _aDIRECTORIES | ||
| 942 | _n0 | ||
| 948 | _c04/03/1997 | ||
| 999 |
_c89564 _d89564 |
||